| 000 | 00000nas 2200000zi 4500 |
| 001 | 9.921588 |
| 003 | CaOODSP |
| 005 | 20230411111618 |
| 006 | m o d f |
| 007 | cr cn||||||||| |
| 008 | 230411c20229999onc x mso||||f| b0fre|d |
| 040 | |aCaOODSP|bfre|erda|cCaOODSP |
| 043 | |an-cn---|aa-cc--- |
| 086 | 1 |aXC2-441/2-1F-PDF |
| 110 | 1 |aCanada. |bParlement. |bChambre des communes. |bComité spécial sur la relation entre le Canada et la République populaire de Chine, |eauteur, |eorganisme de publication. |
| 245 | 10|aRapport / |cComité spécial sur la relation entre le Canada et la République populaire de Chine. |
| 264 | 1|aOttawa : |bChambre des communes, |c2022- |
| 310 | |aIrrégulier |
| 336 | |atexte|btxt|2rdacontent/fre |
| 337 | |ainformatique|bc|2rdamedia/fre |
| 338 | |aressource en ligne|bcr|2rdacarrier/fre |
| 362 | 1 |aParaît depuis : Rapport 1 (décembre 2022). |
| 500 | |aPublié aussi en anglais sous le titre : Report. |
| 588 | |aDescription d'après : Rapport 2 (mars 2023). |
| 588 | |aDernière livraison consultée : Rapport 2 (mars 2023). |
| 651 | 6|aCanada|xRelations extérieures|zChine. |
| 651 | 6|aChine|xRelations extérieures|zCanada. |
| 775 | 08|tReport / |w(CaOODSP)9.921589 |